<?xml version="1.0" encoding="UTF-8"?>
<record
    xmlns:xsi="http://www.w3.org/2001/XMLSchema-instance"
    xsi:schemaLocation="http://www.loc.gov/MARC21/slim http://www.loc.gov/standards/marcxml/schema/MARC21slim.xsd"
    xmlns="http://www.loc.gov/MARC21/slim">

  <leader>02930    a2200301   4500</leader>
  <controlfield tag="001">49430</controlfield>
  <controlfield tag="005">20260407155757.0</controlfield>
  <controlfield tag="008">260407a2003    arg                 spa d</controlfield>
  <controlfield tag="003">AR-UNSa-BCEJYS</controlfield>
  <datafield tag="040" ind1=" " ind2=" ">
    <subfield code="a">AR-UNSa-BCEJYS</subfield>
    <subfield code="b">spa</subfield>
    <subfield code="c">AR-UNSa-BCEJYS</subfield>
  </datafield>
  <datafield tag="080" ind1=" " ind2=" ">
    <subfield code="a">658.012.4</subfield>
    <subfield code="x">Gesti&#xF3;n. Direcci&#xF3;n. Autoridad. T&#xE9;cnicas y m&#xE9;todos de gesti&#xF3;n (gesti&#xF3;n del conocimiento, Outsourcing, Benchmarking...)</subfield>
  </datafield>
  <datafield tag="245" ind1="1" ind2="0">
    <subfield code="a">Modelos de gest&#xE3;o</subfield>
    <subfield code="p">o que s&#xE3;o e quando devem ser usados</subfield>
  </datafield>
  <datafield tag="020" ind1=" " ind2=" ">
    <subfield code="a">85-87918-66-4</subfield>
  </datafield>
  <datafield tag="264" ind1=" " ind2="1">
    <subfield code="a">San Pablo :</subfield>
    <subfield code="b">Prentice Hall</subfield>
    <subfield code="c">2003</subfield>
  </datafield>
  <datafield tag="300" ind1=" " ind2=" ">
    <subfield code="a">xvi, 206 p.</subfield>
    <subfield code="c">24 cm.</subfield>
  </datafield>
  <datafield tag="505" ind1=" " ind2=" ">
    <subfield code="a">1. Custeio baseado em atividade - 2. Pap&#xE9;is gerenciais PAEI de Adizes - 3. Matriz de produto/mercado de Ansoff - 4. Balanc&#xEA; scorecard - 5. Matriz BCG - 6. Pap&#xE9;is de equipe de Belbin - 7. Benchmarking - 8. Modelo de gest&#xE3;o de projetos de Berenschot - 9. Redesenho do processo de neg&#xF3;cios - 10. Modelo de maturidade da compet&#xEA;ncia - 11. Quadrantes de mudan&#xE7;a - 12. Modelo do caos - 13. Valores concorrentes de efic&#xE1;cia organizacional - 14. An&#xE1;lise competitiva: as cinco for&#xE7;as de Porter - 15. Tipologia da obedi&#xEA;ncia - 16. Compet&#xEA;ncias essenciais - 17. Quadrantes essenciais - 18. Os sete h&#xE1;bitos de Covey de pessoas altamente eficazes - 19. Gest&#xE3;o de marketing e relacionamento com o cliente - 20. Ciclo de Deming - 21. Modelo EFQM - 22. A administra&#xE7;&#xE3;o eficaz do tempo de Eisenhower - 23. EVA - Valor econ&#xF4;mico agregado - 24. A quinta disciplina - 25. Quatro compet&#xEA;ncias da organiza&#xE7;&#xE3;o que aprende - 26. Estrat&#xE9;gias competitivas gen&#xE9;ricas - 27. Os deuses da gest&#xE3;o - 28. Modelo de crescimento de Greiner - 29. Dimens&#xF5;es culturais de Hofstede - 30. Just-in-time - 31. Kaizen - 32. Capacidades distintivas de Kay - 33. As oito fases da mudan&#xE7;a de Kotter - 34. Modelo de compras de Kraljic - 35. Alavancas de controle - 36. An&#xE1;lise MABA - 37. Malcolm Baldrige Award - 38. Marketing mix - 39. Maslow - 40. Modelo 7-S - 41. Configura&#xE7;&#xF5;es de Mintzberg - 42. Os pap&#xE9;is gerenciais de Mintzberg - 43. A organiza&#xE7;&#xE3;o neur&#xF3;tica - 44. Est&#xE1;gios de crescimento da TI de Nolan - 45. An&#xE1;lise do valor dos custos indiretos - 46. Vantagem de ser matriz - 47. O modelo de mudan&#xE7;a propositada - 48. An&#xE1;lise de risco e retorno - 49. Planejamento de cen&#xE1;rio (Shell) - 50. Escolas de s&#xED;ntese de estrat&#xE9;gia - 51. Modelo das sete for&#xE7;as - 52. Organiza&#xE7;&#xE3;o sociot&#xE9;cnica - 53. An&#xE1;lise de SWOT - 54. Gest&#xE3;o baseada em valor - 55. Cadeia de valores - 56. Disciplinas de valor.</subfield>
  </datafield>
  <datafield tag="041" ind1=" " ind2=" ">
    <subfield code="a">spa</subfield>
  </datafield>
  <datafield tag="942" ind1=" " ind2=" ">
    <subfield code="c">BK</subfield>
  </datafield>
  <datafield tag="590" ind1=" " ind2=" ">
    <subfield code="a">niveau_biblio:m niveau_hierar:0</subfield>
  </datafield>
  <datafield tag="100" ind1="1" ind2=" ">
    <subfield code="a">Have, Steven ten</subfield>
  </datafield>
  <datafield tag="700" ind1="1" ind2=" ">
    <subfield code="a">Have, Wouter ten</subfield>
  </datafield>
  <datafield tag="700" ind1="1" ind2=" ">
    <subfield code="a">Ramos Fernandes, Brasil</subfield>
  </datafield>
  <datafield tag="700" ind1="1" ind2=" ">
    <subfield code="a">Stevens, Frans</subfield>
  </datafield>
  <datafield tag="700" ind1="1" ind2=" ">
    <subfield code="a">Campiani Maximiano, Guilherme</subfield>
  </datafield>
  <datafield tag="700" ind1="1" ind2=" ">
    <subfield code="a">Elst, Marcel van der</subfield>
  </datafield>
  <datafield tag="700" ind1="1" ind2=" ">
    <subfield code="a">Pol-Coyne, Fiona</subfield>
  </datafield>
  <datafield tag="856" ind1="4" ind2="1">
    <subfield code="u">https://www.biblioeco.unsa.edu.ar/pmb/images/libros/L128092.jpg</subfield>
    <subfield code="y">Imagen de portada</subfield>
    <subfield code="q">image/jpeg</subfield>
  </datafield>
  <datafield tag="999" ind1=" " ind2=" ">
    <subfield code="c">4841</subfield>
    <subfield code="d">4841</subfield>
  </datafield>
  <datafield tag="952" ind1=" " ind2=" ">
    <subfield code="0">0</subfield>
    <subfield code="1">0</subfield>
    <subfield code="4">0</subfield>
    <subfield code="7">0</subfield>
    <subfield code="a">BCEJYS</subfield>
    <subfield code="b">BCEJYS</subfield>
    <subfield code="c">16</subfield>
    <subfield code="d">2026-04-07</subfield>
    <subfield code="l">0</subfield>
    <subfield code="o">658.012.4 M689</subfield>
    <subfield code="p">L128092</subfield>
    <subfield code="r">2026-04-07 15:57:57</subfield>
    <subfield code="w">2026-04-07</subfield>
    <subfield code="y">L</subfield>
  </datafield>
</record>
